Right to Information Law and Practice / (Record no. 176922)

MARC details
000 -LEADER
fixed length control field 00766nam a22002177a 4500
005 - DATE AND TIME OF LATEST TRANSACTION
control field 20210727153522.0
010 ## - LCCN (DPL NO)
LC control number ENG-128921 B-740653
020 ## - INTERNATIONAL STANDARD BOOK NUMBER
Terms of availability 280.00
International Standard Book Number 9788190318006
035 ## - SYSTEM CONTROL NUMBER
System control number EN-112453
035 ## - SYSTEM CONTROL NUMBER
System control number B-740653
037 ## - SOURCE OF ACQUISITION
Source of stock number/acquisition DBAD/PUB
037 ## - SOURCE OF ACQUISITION
Source of stock number/acquisition Gift
082 ## - DEWEY DECIMAL CLASSIFICATION NUMBER
Classification number 342.540853
100 ## - MAIN ENTRY--PERSONAL NAME
Personal name Nigam, Shalu
245 ## - TITLE STATEMENT
Title Right to Information Law and Practice /
Statement of responsibility, etc by Shalu Nigam
260 ## - PUBLICATION, DISTRIBUTION, ETC. (IMPRINT)
Place of publication, distribution, etc New Delhi
Name of publisher, distributor, etc JBA Publishers
Date of publication, distribution, etc 2006
270 ## - ADDRESS
City New Delhi
Postal code 110005
Address 5061/1, Sant Nagar, Near Dev Nagar Jain Mandir, Karol Bagh
Telephone number 23416390 upto 97, 26567066
Fax number 911151513850
Electronic mail address sales@jba.in
300 ## - PHYSICAL DESCRIPTION
Extent xl, 440p.
Dimensions 22cm(pbk)
942 ## - ADDED ENTRY ELEMENTS (KOHA)
Source of classification or shelving scheme Dewey Decimal Classification
Item type English Books
Classification part 342.540853
Call number suffix NIG
Holdings
Withdrawn status Lost status Not for loan Collection code Home library Current library Date acquired Source of acquisition Cost, normal purchase price Full call number Barcode Copy number Cost, replacement price Koha item type Public note
      Non-fiction Central Library Central Library 27/07/2021 Gift/Eng/07-07-2021 280.00 342.540853 NIG B-740653 1 280.00 English Books Gift
      Non-fiction Sarojini Nagar Sarojini Nagar 02/02/2021 DBAD/PUB 280.00 342.540853 NIG EN-112453 1 280.00 English Books  

© Delhi Public Library
Hit Counter
free hit counter